| 000 | 02386nab a2200337 a 4500 | ||
|---|---|---|---|
| 005 | 20210219163720.0 | ||
| 008 | 991125s1985 mx 000 0 spa u | ||
| 035 | _aUPN01000227977 | ||
| 049 | _aART-E | ||
| 100 | 1 |
_aTorrego Egido, Luis _6- ltorrego@pdg.uva.es |
|
| 100 | 1 | _aMartínez Scott, Suyapa | |
| 100 | 1 | _aSonlleva Velasco, Miriam | |
| 222 | 0 | _aAULA ABIERTA | |
| 245 | 0 | 0 | _a¿Es posible la formación de personas éticas y comprometidas en la universidad? La asignatura de Educación para la paz y la igualdad en los Grados de Magisterio |
| 260 | _aEspaña | ||
| 300 | _a415-422 | ||
| 362 | 0 | _a2018 Vol. 47, no. 4, oct.-dic. | |
| 520 | 3 | _aLa universidad debería formar estudiantes bien informados, dotados de sentido crítico y comprometidos con la transformación social desde una ética universal basada en la solidaridad y en el bien común. Sin embargo, en la universidad actual predomina una visión utilitarista de la formación. La asignatura Educación para la paz y la igualdad se imparte en los Grados de Educación Infantil y Educación Primaria de la Universidad de Valladolid. Su finalidad es contribuir a la formación de personas éticas y comprometidas. En este artículo se analizan la potencialidad y los logros de esa asignatura. Mediante un estudio de caso en el que se utilizan entrevistas, observación no participante, cuestionarios, análisis de documentos y análisis de producciones del alumnado de la asignatura, se evalúa la valoración por parte de los estudiantes y la influencia que ejerce en ellos, así como los aprendizajes que genera. Se constata una mayor sensibilización, una mejora en la comprensión de la realidad global y el descubrimiento de estrategias didácticas para trabajar la paz y la igualdad en la escuela, pero sigue existiendo una actitud pasiva en buena parte del alumnado. Se precisa una educación contra el conformismo y la indiferencia. | |
| 653 | 0 | _aFORMACION INICIAL | |
| 653 | 0 | _aETICA | |
| 653 | 0 | _aESTUDIO DE CASO | |
| 653 | 0 | _aMODELO EDUCATIVO | |
| 653 | 0 | _aUNIVERSIDAD | |
| 856 | 4 | _uhttps://www.unioviedo.es/reunido/index.php/AA/article/view/13065/11862 | |
| 856 | 4 | _uhttps://doi.org/10.17811/rifie.47.4.2018.415-422 | |
| 905 | _aArticulo | ||
| 336 | _atexto$2rdacontent | ||
| 337 | _acomputadora$2rdamedia | ||
| 338 | _arecurso en linea$2rdacarrier | ||
| 999 |
_c200072 _d200072 |
||